Léxico y gramática del español : estructuras verbales de espacio y de tiempo /

שמור ב:
מידע ביבליוגרפי
מחבר ראשי: Lamiroy, Béatrice (autor)
פורמט: ספר
שפה:ספרדית
יצא לאור: Barcelona, España : Anthropos, 1991, c1991
סדרה:(Autores, Textos y Temas. Lingüística ; 2)
נושאים:
תגים: הוספת תג
אין תגיות, היה/י הראשונ/ה לתייג את הרשומה!

MARC

LEADER 00000nam^a2200000^a^4500
001 000175838
005 20250521000000.0
009 20260526125914.568
020 |a 84-7658-270-6 
037 |a Acervo ITESO - Biblioteca 
041 |a ESP 
082 |a 465.  |b LAM 
100 |a Lamiroy, Béatrice  |e (autor) 
245 1 0 |a Léxico y gramática del español :  |b estructuras verbales de espacio y de tiempo /  |c B. Lamiroy. 
264 4 |a Barcelona, España :  |b Anthropos,  |c 1991, c1991 
300 |a 151 p. 
336 |a texto  |b txt  |2 rdacontenido 
337 |a sin mediación  |b n  |2 rdamedio 
338 |a volumen  |b nc  |2 rdasoporte 
440 1 |a (Autores, Textos y Temas.  |p Lingüística ;  |v 2) 
649 |a XX 
650 |a Conjugación Verbal 
650 |a Modo Verbal 
650 |a Verbo 
650 |a Español 
650 |a Lenguas Romances 
650 |a Lenguas Indo-Europeas 
650 |a Lenguaje y Lenguas 
650 |a Sintaxis 
650 |a Gramática 
650 |a Lingüística 
910 |a Fondo General 
920 |a Impresos - Libros 
930 |a Colección General 
905 |a 101 
901 |a 0500113946  |b IT1  |c ACC  |u 20250521 
902 |a https://opac.biblio.iteso.mx/vufind/Record/000175838